Normal view
MARC view
Entry Personal Name
001 - CONTROL NUMBER
- control field: 53416
003 - CONTROL NUMBER IDENTIFIER
- control field: OSt
005 - DATE AND TIME OF LATEST TRANSACTION
- control field: 20250520124516.0
008 - FIXED-LENGTH DATA ELEMENTS
- fixed length control field: 250520|| aca||aabn | a|a d
040 ## - CATALOGING SOURCE
- Original cataloging agency: OSt
- Transcribing agency: OSt
100 ## - HEADING--PERSONAL NAME
- Personal name: Hand, Laura C.
670 ## - SOURCE DATA FOUND
- Source citation: Work cat.: (OSt)526488: Hand, Laura C., Data feminism. by Catherine D'ignazio, Lauren F. Klein, cambridge: The mit press. 2020. pp. 314. $29.95 (hard cover). ISBN: 9780262044004 (open access version through mit press at https://data-feminism.mitpress.mit.edu/).
